000 00918cam a2200289Ia 4500
001 40109
005 20230410101628.0
008 960311s1995 ht b 000 0 fre d
035 _a(OCoLC)ocm34342475
040 _aFR3
_cFR3
_dOCLCQ
035 _a(OCoLC)34342475
043 _an-us---
_anwht---
050 1 4 _a110 E 183.8
_bD894e 1995
082 0 0 _a327.73
100 1 _aDumornay, Jacques.
245 1 4 _aLes Etats-Unis :
_bde la doctrine de Monroé a la domination mondiale /
_cJacques Dumornay.
260 _a[Port-au-Prince :
_bL'Imprimeur II,
_c1995]
300 _a232 p. ;
_c22 cm.
504 _aIncludes bibliographical references (p. 225-232).
651 0 _aUnited States
_xForeign relations
_y20th century.
651 0 _aHaiti
_xForeign relations
_zUnited States.
650 0 _aMonroe doctrine.
650 4 _aCEH
650 4 _aColección Estudios Haitianos
942 _2lcc
_cbk
994 _aC0
_bDRFGD
999 _c11239
_d11239